000
00305nam a2200145Ia 4500
100
_a
Comarom/J.P/ Warren/M.j
650
_a
General
942
_c
RB
654
_a
DDC
245
_a
DDC Additions
260
_b
Forest press
_a
New York
_c
1985
082
_a
25.463
_b
COM
546
_a
ENGLISH
999
_c
17970
_d
17970